La historia del management
Gespeichert in:
| 1. Verfasser: | |
|---|---|
| Weitere Verfasser: | |
| Format: | Buch |
| Sprache: | Spanisch |
| Veröffentlicht: |
Barcelona
Orbis
1986
|
| Schlagworte: | |
| Tags: |
Tag hinzufügen
Keine Tags, Fügen Sie den ersten Tag hinzu!
|
MARC
| LEADER | 00000nam a22000005a 4500 | ||
|---|---|---|---|
| 003 | CL-ChBUA | ||
| 005 | 20150910112435.0 | ||
| 008 | 150910s1986 sp ||||| |||| 000 ||spa | ||
| 020 | |a 8475307582 | ||
| 040 | |a CL-ChBUA |c CL-ChBUA | ||
| 082 | 0 | 0 | |a 658.009 |
| 100 | 1 | |a Urwick, L. | |
| 245 | 1 | 3 | |a La historia del management |c L. Urwick, E.F.L. Brech |
| 260 | |a Barcelona |b Orbis |c 1986 | ||
| 300 | |a 158 páginas |c 22 centímetros | ||
| 504 | |a índice | ||
| 650 | 4 | |a ADMINISTRACION - HISTORIA | |
| 700 | 1 | |a Brech, E.F.L. | |
| 942 | |2 ddc |c LIB | ||
| 952 | |0 0 |1 0 |4 0 |6 658_009000000000000_UR_83 |7 0 |9 1147622 |a UNACH |b UNACH |c 600 |d 2015-09-10 |i 30.730 |l 0 |o 658.009 / Ur 83 |p 85497 |r 2015-09-10 00:00:00 |t 1 |w 2015-09-10 |y LIB | ||
| 999 | |c 2192239 |d 2192239 | ||